Pays asiatiques par frontières en 30 secondes - Statistiques

Statistiques générales
  • Ce quiz a été pris 2 352 fois
  • Le résultat moyen est 36 sur 48
Réponses sur la Carte
Les réponses sont colorées sur une échelle allant du rouge au vert en fonction du pourcentage des utilisateurs qui les ont devinées à leur premier essai. Vous pouvez retrouver ces pourcentages ci-dessous.
 
Statistiques - réponses
Country % Correct
Chine
99%
Inde
99%
Pakistan
99%
Bhoutan
98%
Myanmar
98%
Népal
98%
Afghanistan
97%
Kazakhstan
96%
Kirghizistan
96%
Laos
95%
Mongolie
95%
Irak
94%
Tadjikistan
94%
Viêt Nam
94%
Corée du Nord
93%
Iran
93%
Arabie Saoudite
92%
Turquie
92%
Arménie
91%
Azerbaïdjan
91%
Oman
91%
Yémen
90%
Émirats arabes unis
89%
Jordanie
88%
Malaisie
87%
Turkménistan
87%
Koweït
83%
Indonésie
82%
Qatar
82%
Syrie
78%
Thaïlande
77%
Timor-Leste
72%
Cambodge
71%
Japon
70%
Israël
65%
Ouzbékistan
63%
Bangladesh
62%
Liban
62%
Géorgie
61%
Corée du Sud
54%
Brunei
40%
Philippines
39%
Sri Lanka
31%
Chypre
30%
Taïwan
20%
Bahreïn
19%
Singapour
17%
Maldives
11%
Aucun quiz correspondant
Distribution des résultats
% des personnes avec chaque résultat
Percentile par nombre de réponses
Votre historique - résultats
Vous n’avez pas pris ce quiz